Оценка и управление ИТ-рисками в организациях; Инновационные технологии в машиностроении
| Parent link: | Инновационные технологии в машиностроении.— 2017.— [С. 115-117] |
|---|---|
| Autor principal: | |
| Altres autors: | , |
| Sumari: | Заглавие с экрана В статье рассмотрены методы оценки и управления информационными рисками. Выделены технические и корпоративные факторы риска. Проанализированы современные особенности утечки конфиденциальной информации. Дана характеристика подходов к управлению ИТ рисками. In the article methods of an estimation and management of information risks are considered. Defined technical and corporate risk-factors Analyzed the current singularities of leakage of confidential information. The characteristics of approaches to the governance of IT risks. |
| Idioma: | rus |
| Publicat: |
2017
|
| Col·lecció: | Автоматизация, информатизация и менеджмент на предприятии |
| Matèries: | |
| Accés en línia: | http://earchive.tpu.ru/handle/11683/45685 |
| Format: | MixedMaterials Electrònic Capítol de llibre |
| KOHA link: | https://koha.lib.tpu.ru/cgi-bin/koha/opac-detail.pl?biblionumber=625903 |
MARC
| LEADER | 00000naa2a2200000 4500 | ||
|---|---|---|---|
| 001 | 625903 | ||
| 005 | 20231101133403.0 | ||
| 035 | |a (RuTPU)RU\TPU\conf\25169 | ||
| 035 | |a RU\TPU\conf\25168 | ||
| 090 | |a 625903 | ||
| 100 | |a 20171227d2017 k y0rusy50 ca | ||
| 101 | 0 | |a rus |d eng | |
| 102 | |a RU | ||
| 105 | |a y z 101zy | ||
| 135 | |a drcn ---uucaa | ||
| 181 | 0 | |a i | |
| 182 | 0 | |a b | |
| 200 | 1 | |a Оценка и управление ИТ-рисками в организациях |f Л. С. Мухамедиева, А. С. Бейсенова, Б. Р. Жолмагамбетова | |
| 203 | |a Текст |c электронный | ||
| 225 | 1 | |a Автоматизация, информатизация и менеджмент на предприятии | |
| 230 | |a 1 компьютерный файл (pdf; 330 Kb) | ||
| 300 | |a Заглавие с экрана | ||
| 320 | |a [Библиогр.: с. 117 (4 назв.)] | ||
| 330 | |a В статье рассмотрены методы оценки и управления информационными рисками. Выделены технические и корпоративные факторы риска. Проанализированы современные особенности утечки конфиденциальной информации. Дана характеристика подходов к управлению ИТ рисками. | ||
| 330 | |a In the article methods of an estimation and management of information risks are considered. Defined technical and corporate risk-factors Analyzed the current singularities of leakage of confidential information. The characteristics of approaches to the governance of IT risks. | ||
| 463 | 0 | |0 (RuTPU)RU\TPU\conf\21273 |t Инновационные технологии в машиностроении |o сборник трудов VIII Международной научно-практической конференции, 18-20 мая 2017 г., Юрга |f Национальный исследовательский Томский политехнический университет (ТПУ), Юргинский технологический институт (ЮТИ) ; под ред. Д. А. Чинахова |v [С. 115-117] |d 2017 | |
| 610 | 1 | |a электронный ресурс | |
| 610 | 1 | |a информационные риски | |
| 610 | 1 | |a информационные технологии | |
| 610 | 1 | |a ИТ-технологии | |
| 610 | 1 | |a управление рисками | |
| 610 | 1 | |a методологии | |
| 700 | 1 | |a Мухамедиева |b Л. С. | |
| 701 | 1 | |a Бейсенова |b А. С. | |
| 701 | 1 | |a Жолмагамбетова |b Б. Р. | |
| 801 | 2 | |a RU |b 63413507 |c 20171228 |g RCR | |
| 856 | 4 | |u http://earchive.tpu.ru/handle/11683/45685 | |
| 942 | |c BK | ||